OPAC Home

ඩිකැමිරොන් හෙවත් දස දවස (Record no. 41683)

MARC details
000 -LEADER
fixed length control field 00632nam a2200193Ia 4500
008 - FIXED-LENGTH DATA ELEMENTS--GENERAL INFORMATION
fixed length control field 120914t2008 xxu||||| |||| 00| 0 sin d
041 ## - LANGUAGE CODE
Language code of text/sound track or separate title Sinhala; Sinhalese
080 ## - UNIVERSAL DECIMAL CLASSIFICATION NUMBER
Universal Decimal Classification number 8 - 31 (Spanna)
Item number BOC
942 ## - ADDED ENTRY ELEMENTS (KOHA)
Koha item type Books
003 - CONTROL NUMBER IDENTIFIER
control field LK-CoDNM
040 ## - CATALOGING SOURCE
Original cataloging agency LK-CoDNM
Modifying agency LK-CoDNM
Description conventions LK-CoDNM
100 ## - MAIN ENTRY--PERSONAL NAME
Personal name Boccaccio,Giovanni
700 ## - ADDED ENTRY--PERSONAL NAME
Personal name Perera,Kalubowila Cyril C.
Relator term translater
245 ## - TITLE STATEMENT
Title ඩිකැමිරොන් හෙවත් දස දවස
246 ## - VARYING FORM OF TITLE
Title proper/short title Decameron Hewath Dasa Dawasa
260 ## - PUBLICATION, DISTRIBUTION, ETC. (IMPRINT)
Place of publication, distribution, etc. S. Godage
-- Colombo
Date of publication, distribution, etc. 2008
300 ## - PHYSICAL DESCRIPTION
Other physical details 299p, ill, 22 cm
500 ## - GENERAL NOTE
General note Sinhalese Translation of Giovanni Boccaccio's of Twenty Stories From The Decameron
Holdings
Withdrawn status Lost status Damaged status Not for loan Collection code Permanent Location Current Location Date acquired Full call number Barcode Koha item type
        Translation Library National Museum Colombo - Sri Lanka Library National Museum Colombo - Sri Lanka 2012-09-14 8 - 31 (Spanna) BOC 149976 Books
Copyright © 2023 Department of National Museum, Colombo 07, Sri Lanka Funded by UNESCO IFAP UNESCO